[Event "jogo ta bom 2"]
[Site "http://www.queenalice.com/game.php?id=24482"]
[Date "2005.8.17"]
[Round "-"]
[White "Dinho"]
[Black "FISICO"]
[Result "0-1"]
[WhiteElo "1623"]
[BlackElo "1513"]

1. e4 e5 2. f4 exf4 3. Nf3 c6 4. d4 d5 5. Bd3 dxe4 6. Bxe4 Nf6 7. Qe2 Be7 8. O-O
O-O 9. Bxf4 Nxe4 10. Qxe4 Be6 11. Nc3 Nd7 12. Rad1 Nf6 13. Qe2 b5 14. b3 Rc8 15.
Bg5 b4 16. Na4 Qa5 17. Bd2 Qf5 18. Ne5 Qxc2 19. Ra1 Qe4 20. Qa6 Qxd4+ 21. Kh1
Qxe5 22. Qxa7 Bd6 23. Bf4 Qh5 24. g3 Bxf4 25. Rxf4 Ne4 26. Rxe4 Qf3+ 27. Kg1
Qxe4 28. Qf2 Qe5 29. Re1 Qf6 30. Qc5 Qf5 31. Qxb4 c5 32. Qb7 c4 33. Rd1 cxb3 34.
axb3 Rb8 35. Qe7 h6 36. Rf1 Qe5 37. Nc5 Rfe8 38. Qh4 Qxc5+ 0-1

[Event "Let's Play Chess!"]
[Site "http://www.queenalice.com/game.php?id=25034"]
[Date "2005.8.21"]
[Round "-"]
[White "FISICO"]
[Black "Edgar"]
[Result "0-1"]
[WhiteElo "1536"]
[BlackElo "1350"]

1. e4 e5 2. Nf3 Nc6 3. Bb5 a6 4. Bxc6 dxc6 5. Nxe5 Qf6 6. d4 Bb4+ 7. c3 Ba5 8.
O-O Nh6 9. f3 O-O 10. Na3 b5 11. b4 Bb6 12. Qd2 Be6 13. Nc2 Rad8 14. Nxc6 Rc8
15. Kh1 Bd7 0-1

[Event "Challenge"]
[Site "http://www.queenalice.com/game.php?id=29677"]
[Date "2005.9.20"]
[Round "-"]
[White "FISICO"]
[Black "Marcvs"]
[Result "1-0"]
[WhiteElo "1541"]
[BlackElo "1361"]

1. e4 e5 2. Nf3 Nc6 3. c3 Nf6 4. Bd3 d5 5. exd5 Qxd5 6. Be2 Bg4 7. d3 Bd6 8. h3
Bh5 9. Be3 O-O 10. Nbd2 Bg6 11. d4 e4 12. Nh4 Ne7 13. c4 Qa5 14. c5 Bxc5 15.
dxc5 Nfd5 16. Qb3 Nxe3 17. Qxe3 c6 18. O-O f5 19. Nxg6 Nxg6 20. Nc4 Qc7 21. b4
Rad8 22. Rad1 Rde8 23. Qg3 f4 24. Qh2 Re6 25. f3 e3 26. Rb1 Rd8 27. Rb2 b5 28.
Na5 Nh4 29. Nb3 Rg6 30. Bd1 Rxg2+ 31. Rxg2 1-0

[Event "roizick"]
[Site "http://www.queenalice.com/game.php?id=33277"]
[Date "2005.10.15"]
[Round "-"]
[White "drup"]
[Black "FISICO"]
[Result "1-0"]
[WhiteElo "1494"]
[BlackElo "1555"]

1. d4 d5 2. c4 Nf6 3. Nc3 dxc4 4. Qa4+ Nbd7 5. e3 c6 6. Qxc4 Nb6 7. Qd3 e6 8.
Nf3 c5 9. Be2 cxd4 10. Nxd4 Bd7 11. O-O Nbd5 12. Ncb5 a6 13. Nc3 Nxc3 14. Qxc3
Nd5 15. Qc2 Rc8 16. Qe4 Be7 17. Nf3 Bc6 18. Rd1 Bd6 19. Qd3 Bb5 20. Qd2 O-O 21.
Bxb5 axb5 22. e4 Nf6 23. Qxd6 Nxe4 24. Qxd8 Rcxd8 25. Rxd8 Rxd8 26. Be3 h6 27.
Ne5 Nf6 28. f4 Rd5 29. Rc1 Kh7 30. Nxf7 Rd7 31. Ne5 Re7 32. Rc5 b4 33. Rb5 Rc7
34. Rxb4 Nd5 35. Rb3 1-0

[Event "Do ut des"]
[Site "http://www.queenalice.com/game.php?id=33279"]
[Date "2005.10.15"]
[Round "-"]
[White "FISICO"]
[Black "esepedazodefary"]
[Result "0-1"]
[WhiteElo "1555"]
[BlackElo "2007"]

1. e4 c5 2. d3 Nc6 3. Nf3 g6 4. Be3 Bg7 5. c3 b6 6. d4 cxd4 7. cxd4 Bb7 8. Nc3
Rc8 9. a3 Nf6 10. h3 d5 11. Bd3 dxe4 12. Nxe4 Nxe4 13. Bxe4 O-O 14. O-O f5 15.
Bc2 f4 16. Bxf4 Rxf4 17. Rb1 Nxd4 18. Nxd4 Qxd4 19. Qxd4 Bxd4 20. Rfd1 Rxc2 21.
Rf1 Rfxf2 22. Rxf2 Rxf2 23. Rf1 Rxg2+ 24. Kh1 Rxb2+ 0-1

[Event "Let's Play Chess!"]
[Site "http://www.queenalice.com/game.php?id=34305"]
[Date "2005.10.21"]
[Round "-"]
[White "drup"]
[Black "FISICO"]
[Result "1-0"]
[WhiteElo "1593"]
[BlackElo "1539"]

1. c4 e5 2. g3 d6 3. Bg2 Bd7 4. e3 Nf6 5. Ne2 Nc6 6. Nbc3 b6 7. b4 Nxb4 8. O-O
Rb8 9. a3 Nd3 10. Qc2 Nxc1 11. Rfxc1 Be6 12. Qa4+ Nd7 13. Qxa7 Bxc4 14. Rc2 Bxe2
15. Nxe2 c5 16. Nc3 Rc8 17. Na4 Rc7 18. Qa8 Qxa8 19. Bxa8 Ra7 20. Bc6 Be7 21.
Bxd7+ Rxd7 22. Nxb6 Rb7 23. Nd5 Bd8 24. a4 Ra7 25. Nc3 O-O 26. Nb5 Rd7 27. a5
Be7 28. a6 Rb8 29. Rb2 e4 30. a7 Ra8 31. Nc7 Bf6 32. Rb8+ Rxb8 33. axb8=Q+ Rd8
34. Qxd8+ Bxd8 35. Ra8 h6 36. Rxd8+ Kh7 37. Rxd6 g6 38. Rc6 h5 39. Rxc5 Kh6 40.
Ne8 f5 41. Kg2 Kg5 42. Rc7 Kg4 43. Rf7 h4 44. h3+ Kh5 45. Rh7+ Kg5 46. gxh4# 1-0

[Event "+1?"]
[Site "http://www.queenalice.com/game.php?id=34314"]
[Date "2005.10.21"]
[Round "-"]
[White "Dinho"]
[Black "FISICO"]
[Result "1/2-1/2"]
[WhiteElo "1580"]
[BlackElo "1537"]

1. e4 e5 2. Nf3 d6 3. d4 exd4 4. Nxd4 Bd7 5. Bc4 Nf6 6. f3 Nc6 7. c3 Na5 8. Bd3
c5 9. Nf5 Nc6 10. Bc4 Ne5 11. Qe2 Nxc4 12. Qxc4 Be6 13. Qb5+ Qd7 14. Qxd7+ Bxd7
15. O-O b6 16. Rd1 Rd8 17. Bf4 Bxf5 18. exf5 Be7 19. c4 O-O 20. Nc3 Nh5 21. Nd5
Nxf4 22. Nxe7+ Kh8 23. Rd2 Rd7 24. Re1 h6 25. g3 Nh5 26. Nd5 Nf6 27. Rde2 Nxd5
28. cxd5 f6 29. Re6 Kg8 30. g4 c4 31. R1e4 Rc8 32. Re8+ Rxe8 33. Rxe8+ Kf7 34.
Ra8 Rb7 35. Rc8 b5 36. Rd8 Rb6 37. Rd7+ Kg8 38. Rxa7 Kh7 39. Rc7 1/2-1/2

[Event "sáo paulo"]
[Site "http://www.queenalice.com/game.php?id=40803"]
[Date "2005.11.30"]
[Round "-"]
[White "silvaguimaraes"]
[Black "FISICO"]
[Result "1-0"]
[WhiteElo "1722"]
[BlackElo "1525"]

1. b3 d5 2. Bb2 Nc6 3. e3 e5 4. Bb5 Bd7 5. Bxc6 Bxc6 6. Bxe5 f6 7. Bd4 Ne7 8.
Qh5+ Kd7 9. Ne2 Qe8 10. Qg4+ Kd8 11. Ng3 Bd7 12. Qd1 Nc6 13. Bb2 Be6 14. Bc3 Be7
15. Nh5 Qf7 16. d4 g6 17. Ng3 1-0

[Event "sampa"]
[Site "http://www.queenalice.com/game.php?id=41481"]
[Date "2005.12.4"]
[Round "-"]
[White "Simone"]
[Black "FISICO"]
[Result "1-0"]
[WhiteElo "1450"]
[BlackElo "1517"]

1. e3 d5 2. b3 e6 3. Bb2 Nc6 4. Bb5 Bd7 5. Nf3 f6 6. d4 Bb4+ 7. c3 Bd6 8. Nbd2
Nge7 9. Bd3 e5 10. dxe5 Nxe5 11. Qe2 Nxd3+ 12. Qxd3 1-0

[Event "Challenge"]
[Site "http://www.queenalice.com/game.php?id=42974"]
[Date "2005.12.11"]
[Round "-"]
[White "voodoozebra"]
[Black "FISICO"]
[Result "1-0"]
[WhiteElo "1458"]
[BlackElo "1498"]

1. e4 e5 2. Nf3 Nc6 3. Nc3 Nf6 4. Bc4 d6 5. Ng5 Be6 6. Bxe6 fxe6 7. Nxe6 Qe7 8.
Nb5 Rc8 9. Ng5 h6 10. Nf3 Nxe4 11. d3 Nc5 12. Be3 a6 13. Nc3 1-0

[Event "Let's Play Chess!"]
[Site "http://www.queenalice.com/game.php?id=46617"]
[Date "2006.1.6"]
[Round "-"]
[White "garik66"]
[Black "FISICO"]
[Result "1-0"]
[WhiteElo "1500"]
[BlackElo "1480"]

1. d4 d5 2. c4 Nf6 3. Nf3 dxc4 4. e3 b5 5. a4 c6 6. axb5 cxb5 7. b3 Be6 8. Nbd2
cxb3 9. Bxb5+ Bd7 10. Qxb3 e6 11. O-O Nd5 12. Ne5 Bxb5 13. Qxb5+ Nd7 14. Ne4 f5
15. Qc6 fxe4 16. Qxe6+ Ne7 17. Qf7# 1-0

[Event "Let's Play Chess!"]
[Site "http://www.queenalice.com/game.php?id=49369"]
[Date "2006.1.25"]
[Round "-"]
[White "FISICO"]
[Black "gerchurches"]
[Result "0-1"]
[WhiteElo "1480"]
[BlackElo "1832"]

1. e4 e6 2. d3 d5 3. Nc3 Nc6 4. Nf3 dxe4 5. dxe4 Qxd1+ 6. Nxd1 e5 7. c3 Nf6 8.
Bd3 Bc5 9. b4 Bb6 10. b5 Ne7 11. Nxe5 O-O 12. Be3 Bxe3 13. Nxe3 Be6 14. a4 Ng6
15. Nxg6 fxg6 16. O-O Rad8 17. Bc2 Rd2 18. Rfd1 Rfd8 19. f3 Rxd1+ 20. Rxd1 Rxd1+
21. Bxd1 Kf8 22. c4 Ke7 23. Be2 Kd6 24. Nc2 Kc5 25. Ne3 Nd7 26. h4 Nb6 27. a5
Nxc4 28. Nxc4 Bxc4 29. Bxc4 Kxc4 30. a6 b6 31. e5 Kxb5 32. f4 c5 33. Kf2 c4 34.
Ke2 Kc5 35. Kd2 b5 36. Kc3 h6 37. g3 g5 38. f5 gxh4 39. gxh4 h5 40. Kd2 Kd5 41.
e6 Kd6 42. Kc3 g6 43. fxg6 Kxe6 44. Kb4 Kf6 45. Kxb5 c3 46. Kc6 c2 47. Kb7 c1=Q
48. Kxa7 Qe3+ 49. Kb7 Qe4+ 50. Kb6 Qxh4 51. a7 Qe4 52. Kc7 Qa8 53. Kb6 h4 54.
Ka6 h3 55. Kb6 h2 56. Ka6 h1=Q 57. g7 Kxg7 58. Kb6 Qg1+ 59. Kc7 Qc5+ 60. Kd7
Qac8# 0-1

[Event "Challenge"]
[Site "http://www.queenalice.com/game.php?id=60092"]
[Date "2006.3.29"]
[Round "-"]
[White "jocachess"]
[Black "FISICO"]
[Result "1-0"]
[WhiteElo "1343"]
[BlackElo "1470"]

1. e4 e5 2. Nf3 Nc6 3. Bb5 f6 4. b3 d6 5. Bb2 Bd7 6. Nc3 a6 7. Bc4 Nge7 8. O-O
Na5 9. Bd3 Nac6 10. Bc4 Ng6 11. Nd5 Na5 12. Be2 Nf4 13. d4 Nxe2+ 14. Qxe2 g5 15.
Bc3 g4 16. Nh4 Nc6 17. Nf5 h5 18. Qe3 Bxf5 19. exf5 Bh6 20. Qd3 Qd7 21. Nxf6+
Ke7 22. Nxd7 1-0

[Event "Let's Play Chess!"]
[Site "http://www.queenalice.com/game.php?id=60906"]
[Date "2006.4.2"]
[Round "-"]
[White "waltc"]
[Black "FISICO"]
[Result "1-0"]
[WhiteElo "1740"]
[BlackElo "1478"]

1. e4 e5 2. Nf3 Nc6 3. Bc4 Nf6 4. d3 d6 5. Ng5 d5 6. exd5 Nxd5 7. Nxf7 Kxf7 8.
Qf3+ Ke6 9. Nc3 Ne7 10. Bg5 c6 11. Qe4 h6 12. Bh4 g5 13. Bg3 Bg7 14. d4 Kf7 15.
dxe5 Ke8 16. O-O-O Kf8 17. e6 b5 18. Qf3+ Kg8 19. Qf7+ Kh7 20. Bd3+ Ng6 21.
Bxg6# 1-0

[Event "Let's Play Chess!"]
[Site "http://www.queenalice.com/game.php?id=60908"]
[Date "2006.4.2"]
[Round "-"]
[White "FISICO"]
[Black "waltc"]
[Result "0-1"]
[WhiteElo "1472"]
[BlackElo "1967"]

1. e4 e5 2. Nf3 Nc6 3. c3 d5 4. exd5 Qxd5 5. d3 Bf5 6. c4 Qd7 7. Nc3 O-O-O 8.
Be3 Bb4 9. a3 Bxc3+ 10. bxc3 Bxd3 11. Bxd3 Qxd3 12. Nd2 f5 13. g3 Nf6 14. Rb1 f4
15. gxf4 exf4 16. Bxf4 Rhe8+ 17. Be3 Ne5 18. Qe2 Qg6 19. Kf1 Rxd2 20. Qxd2 Qxb1+
21. Kg2 Qe4+ 0-1